000 00714nam a22002411a 4500
001 4930
003 BD-RjUL
005 20211208233959.0
008 171101s1938 nyu 000 0 eng
035 _a(BD-RjUL)4966
040 _aDLC
_cOClW
_dOCoLC
_dBD-RjUL
_beng
041 _aeng
082 _223
_a297
_bMAI 1938
100 1 _aMassé, Henri
_947013
111 _aParis Peace Conference
_9219362
245 _aIslam /
_cby Henri Masse ; translated from the French by Halide Edib.
260 _aNew York :
_bG.P. Putnam,
_cc1938
300 _a270 p. ;
_c21 cm.
504 _aIncludes bibliographical references and index
650 _aIslam
_9219360
700 _aEdib, Halide, tr.
_9219361
942 _2ddc
_cRAR
999 _c4930
_d4930